[Event "ECF Schools-ch"]
[Site "Nottingham"]
[Date "2024.06.28"]
[Round "4.3"]
[White "Ononye, Chigozim"]
[Black "Poon, Matthew"]
[Result "1-0"]
[WhiteElo "1627"]
[BlackElo "1645"]
[PlyCount "127"]
[EventDate "2024.06.27"]
[EventType "team-swiss"]
[EventRounds "5"]
[EventCountry "ENG"]
[SourceTitle "EXT 2025"]
[Source "ChessBase"]
[SourceDate "2024.10.14"]
[SourceVersion "1"]
[SourceVersionDate "2024.10.14"]
[SourceQuality "1"]
[WhiteTeam "North Liverpool Academy"]
[BlackTeam "Altrincham Grammar School"]
[WhiteTeamCountry "ENG"]
[BlackTeamCountry "ENG"]

1. e4 e5 2. Nf3 Nc6 3. Bb5 a6 4. Ba4 Nf6 5. 0-0 Be7 6. Bxc6 dxc6 7. Nc3 Bd6 8. h3 c5 9. d3 h6 10. Ne2 0-0 11. Ng3 b5 12. Re1 Re8 13. Be3 Bf8 14. Qd2 Kh7 15. a3 Qd6 16. Rad1 Be6 17. Nh4 g6 18. f4 exf4 19. Bxf4 Qd8 20. Nf3 Bg7 21. Rf1 Qe7 22. b3 Rad8 23. Qa5 c4 24. bxc4 bxc4 25. d4 Ra8 26. Bxc7 Rec8 27. Be5 Nd7 28. Bxg7 Kxg7 29. c3 Nb8 30. Qe5+ Kg8 31. d5 Qc5+ 32. Kh1 Bd7 33. Ra1 Re8 34. Qf4 Kh7 35. Qxf7+ Kh8 36. Qxg6 Qe3 37. Rfc1 Rg8 38. Qf6+ Kh7 39. Nf5 Bxf5 40. Qxf5+ Kh8 41. Ne5 Rg7 42. Qf3 Qg5 43. Nf7+ Rxf7 44. Qxf7 a5 45. Re1 Na6 46. e5 Rg8 47. Qf6+ Qxf6 48. exf6 Rf8 49. Re6 Nc7 50. Rc6 Nxd5 51. Rc5 Nxc3 52. Rxa5 Ne4 53. Re5 Nxf6 54. Rc5 Ne4 55. Rxc4 Nf2+ 56. Kg1 Nd3 57. a4 Ra8 58. a5 Ne5 59. Rc5 Nd3 60. Rc6 Kg7 61. a6 Nb4 62. Rb6 Nd5 63. Rb7+ Kg6 64. a7 1-0

[Event "ECF Schools-ch"]
[Site "Nottingham"]
[Date "2024.06.27"]
[Round "3.3"]
[White "Wen, Marlon"]
[Black "Poon, Matthew"]
[Result "1-0"]
[WhiteElo "1637"]
[BlackElo "1645"]
[PlyCount "69"]
[EventDate "2024.06.27"]
[EventType "team-swiss"]
[EventRounds "5"]
[EventCountry "ENG"]
[SourceTitle "EXT 2025"]
[Source "ChessBase"]
[SourceDate "2024.10.14"]
[SourceVersion "1"]
[SourceVersionDate "2024.10.14"]
[SourceQuality "1"]
[WhiteTeam "Bolton School"]
[BlackTeam "Altrincham Grammar School"]
[WhiteTeamCountry "ENG"]
[BlackTeamCountry "ENG"]

1. d4 Nf6 2. c4 g6 3. Nc3 d5 4. cxd5 Nxd5 5. e4 Nxc3 6. bxc3 Bg7 7. Bc4 c5 8. Nf3 Nc6 9. Be3 0-0 10. h3 Qc7 11. Qe2 Na5 12. Rc1 Bd7 13. 0-0 Rac8 14. Bd3 b6 15. Rfe1 h6 16. Bb1 Qb7 17. Ne5 Be8 18. f4 a6 19. Qg4 Nc6 20. Nf3 Bd7 21. Qg3 Kh7 22. f5 g5 23. h4 f6 24. hxg5 hxg5 25. Kf2 Rh8 26. Rh1+ Kg8 27. Rxh8+ Kxh8 28. Rh1+ Kg8 29. e5 cxd4 30. cxd4 b5 31. Be4 Qc7 32. Bd5+ Kf8 33. Nxg5 fxg5 34. Qxg5 Nxe5 35. Rh8+ 1-0